[Event "Frauenbundesliga 2016/2017"]
[Site "Wien / St. Veit / Jenbach"]
[Date "2017.04.22"]
[Round "7"]
[Board "2"]
[White "Stallinger, Vanessa"]
[Black "Ganzera, Andrea"]
[Result "0-1"]
[WhiteElo "1852"]
[BlackElo "1998"]
[PlyCount "48"]
[EventDate "2017.01.14"]
[EventType "team"]
[EventRounds "7"]
[EventCountry "AUT"]
[WhiteTeam "SK Baden"]
[BlackTeam "Schach ohne Grenzen"]

1. e4 d6 2. d4 Nf6 3. Nc3 g6 4. Be3 c6 5. f3 Nbd7 6. Bd3 b5 7. a3 a6 8. f4 Nb6
9. Nf3 Bg7 10. O-O O-O 11. Qe1 Ng4 12. Bd2 Nc4 13. Bxc4 bxc4 14. Qh4 Qb6 15.
Ne2 e5 16. Bc3 Ne3 17. Rfc1 Bg4 18. Qf2 Bxf3 19. Qxe3 Bxe2 20. Qxe2 exd4 21.
Qf2 Rab8 22. Be1 c5 23. Rab1 c3 24. b3 d3 0-1

[Event "Frauenbundesliga 2016/2017"]
[Site "Wien / St. Veit / Jenbach"]
[Date "2017.04.22"]
[Round "7"]
[Board "3"]
[White "Wunderl, Eva"]
[Black "Lasinger, Melanie"]
[Result "1-0"]
[WhiteElo "1880"]
[BlackElo "1491"]
[PlyCount "37"]
[EventDate "2017.01.14"]
[EventType "team"]
[EventRounds "7"]
[EventCountry "AUT"]
[WhiteTeam "Schach ohne Grenzen"]
[BlackTeam "SK Baden"]

1. e4 c5 2. Nf3 d6 3. Bb5+ Nc6 4. O-O Bd7 5. Re1 e6 6. c3 a6 7. Bf1 Be7 8. d4
cxd4 9. cxd4 Rc8 10. Nc3 e5 11. d5 Nb8 12. Qb3 Qc7 13. a4 b6 14. Be3 Bd8 15.
Rec1 Qb7 16. Nd2 Ke7 17. Nc4 b5 18. Nxd6 Rxc3 19. Rxc3 1-0